00773cam a22002411 4500001001300000003000400013005001700017008004100034010001700075035002000092040003400112042001200146043001200158050002100170100002800191245013600219250002500355260003000380300002700410650003500437650004400472999001500516agr27000044 DLC20260227110946.0860207s1926 gw 000 0 ger c aagr27000044  a(OCoLC)13120668 aU.S. Nat'l Agr. Lib.cCUdDLC apremarc ae-gx---00aHD1955b.B4 19261 aBeckmann, Fritz,d1888-14aDie weltwirtschaftlichen beziehungen der deutschen landwirtschaft und ihre wirtschaftliche lage (1919-1926)cvon dr. F. Beckman ... a2., erweiterte aufl. aBerlin,bP. Parey,c1926. a2 p.l., 184 p.c27 cm. 0aAgriculturexEconomic aspects. 0aAgriculturexEconomic aspectszGermany. c9081d9081